|
|
|
|
| LEADER |
01168nam a2200253 a 4500 |
| 001 |
31727 |
| 003 |
BD-DhAAL |
| 005 |
20171108111631.0 |
| 008 |
171108s2015 bg ||||| |||| 00| 0 ben d |
| 999 |
|
|
|c 38148
|d 38148
|
| 020 |
|
|
|a 9789848844755
|
| 040 |
|
|
|a BD-DhAAL
|
| 041 |
|
|
|a BEN
|
| 082 |
|
|
|2 23
|a 891.4437
|
| 100 |
|
|
|a আহমেদ, মোশতাক
|9 23683
|
| 245 |
|
|
|a নক্ষত্রের রাজারবাগ /
|c মোশতাক আহমেদ
|
| 260 |
|
|
|a ঢাকা :
|b নালন্দা,
|c ২০১৫
|
| 300 |
|
|
|a ৩৪০ পৃষ্ঠা ;
|c 24 সে. মি.
|
| 526 |
|
|
|a AAL
|
| 541 |
|
|
|e 31727, 31728
|
| 651 |
|
|
|a Bangladesh
|x History
|x Revolution, 1971
|9 23684
|
| 942 |
|
|
|2 ddc
|c BK
|
| 952 |
|
|
|0 0
|1 0
|2 ddc
|4 0
|6 891_443700000000000_AHM
|7 0
|9 60758
|a BRACUL
|b BRACUL
|c GEN
|d 2017-05-22
|e Development Book Agency
|g 440.00
|l 6
|m 62
|o 891.4437 AHM
|p 3010031727
|q 2030-01-31
|r 2026-01-28
|s 2026-01-28
|t 1
|v 440.00
|w 2017-05-22
|y BK
|
| 952 |
|
|
|0 0
|1 2
|2 ddc
|4 0
|6 891_443700000000000_AHM
|7 0
|9 61833
|a BRACUL
|b BRACUL
|c GEN
|d 2017-05-22
|e Development Book Agency
|g 440.00
|l 2
|m 13
|o 891.4437 AHM
|p 3010031728
|q 2022-08-23
|r 2018-03-15
|s 2018-03-15
|t 2
|v 440.00
|w 2017-05-22
|y BK
|